00927aam a2200361 450000500170000000800410001702000150005804100080007308200150008124500360009626000120013226000300014426000090017430000170018330000260020065000230022665000180024965000160026765000130028365000110029665000170030765000210032465000250034565000240037065000220039465000250041665000220044165000210046365000240048494200120050899900150052095200300053520241009144119.0150715b2005 uy ||||| |||| 00| 0 spa d a9974771374 aESP a611 A881av aAtlas visual del cuerpo humano  aUruguay bArquetipo Grupo Editorial c2005 a64 páginas bIlustraciones a color a ANATOMÍA HUMANA aCUERPO HUMANO aMETABOLISMO aSENTIDOS aHUESOS aGESTACIÓN  aSISTEMA NERVIOSO aSISTEMA CIRCULATORIO aSISTEMA LINFÁTICO aSISTEMA ENDOCRINO aSISTEMA RESPIRATORIO aSISTEMA DIGESTIVO aSISTEMA EXCRETOR aSISTEMA REPRODUCTOR cBK2ddc c1734d1734 o611 A881avp10989xMDyBK